000 00636nam a2200229Ia 4500
008 101110s9999 xx 000 0 und d
041 _aENGLISH
082 _bSR33963
100 _aSvehla G.
245 _aVogel's qualitative inorganic analysis 7th ed
260 _c2006
_bPearson education, Noida
300 _a359
365 _b299
520 _aMathematics
520 _aUGC XIth Five Year Plan 2009-2010
546 _aENGLISH
630 _aVogel's qualitative inorganic analysis 7th ed
650 _aMathematics
655 _aMathematics
730 _aVogel's qualitative inorganic analysis 7th ed
942 _cBOOK
999 _c826464
_d826461